01058 a2200181 45000010006000000050017000060080041000230030015000640400040000790800083001192450091002020200018002932640032003113000019003435050475003621000016008377000023008535956620260407155849.0260407a1989 arg spa dAR-UNSa-BCEJYS aAR-UNSa-BCEJYSbspacAR-UNSa-BCEJYS a338.45xIndustria como sector económico. Producción comercial, industrial 10aEl proceso de industrialización en la argentinapevolución, retoceso y perspectiva a950-25-1335-5 1aBuenos Aires :bCEPALc1989 a108 p.c21 cm. a1. Introducción. Los temas centrales de este estudio - 2. El modelo macroeconómico recibido - 3. Los instrumentos de política económica como determinantes del ritmo y la naturaleza del proceso de industrialización - 4. Las etapas de la industrialización argentina - 5. El patrón interindustrial de crecimiento y distribución del ingreso en las distintas etapas del desarrollo industrial argentino - 6. Reflexiones sobre prospectiva y política pública1 aKatz, Jorge1 aKosacoff, Bernardo